书目信息 |
| 题名: |
青年与现代生活方式
|
|
| 作者: | ;《中国青年报》社思想理论部 编 | |
| 分册: | ||
| 出版信息: | 北京 农村读物出版社 1986 |
|
| 页数: | 221页 | |
| 开本: | 19cm | |
| 丛书名: | ||
| 单 册: | ||
| 中图分类: | D432.64 | |
| 科图分类: | ||
| 主题词: | 青年--生活--问题--中国 | |
| 电子资源: | ||
| ISBN: | ||
| 000 | 00717nam0 2200229 45 | |
| 001 | 0186019503 | |
| 005 | 20050328162109.2 | |
| 010 | @dCNY1.40 | |
| 091 | @a7267.43 | |
| 100 | @a19900802d1986 em y0chiy0121 ea | |
| 101 | 0 | @achi |
| 102 | @aCN@b110000 | |
| 105 | @ay z 000yy | |
| 200 | 10 | @a青年与现代生活方式@Aqing nian yu xian dai sheng huo fang shi@f《中国青年报》社思想理论部编@F《Zhong Guo Qing Nian Bao》She Si Xiang Li Lun Bu Bian |
| 210 | @a北京@c农村读物出版社@d1986 | |
| 215 | @a221页@d19cm | |
| 606 | @a青年@x生活@x问题@x中国 | |
| 690 | @aD432.64@v3 | |
| 711 | 02 | @a《中国青年报》社思想理论部@4编 |
| 801 | 0 | @aCN@b深圳图书馆@c20050328 |
| 801 | 2 | @aCN@bNLC@c20050328 |
| 905 | @f1@b169984@dD432.64@e97 | |
| 青年与现代生活方式/《中国青年报》社思想理论部编.-北京:农村读物出版社,1986 |
| 221页;19cm |
| ISBN :CNY1.40 |
| ● |
| 相关链接 |
|
|
|
|
正题名:青年与现代生活方式
索取号:D432.64/97
 
预约/预借
| 序号 | 登录号 | 条形码 | 馆藏地/架位号 | 状态 | 备注 |
| 1 | 0169984 | 002030769 | 密集书库/ [索取号:D432.64/97] | 在馆 | |
| 2 | 0169985 | 000480606 | 第一样本阅览室/ [索取号:D432.64/97] | 在馆 |